[Event "VIE-ch U07"]
[Site "Ho Chi Minh City"]
[Date "2014.07.17"]
[Round "7"]
[White "Tran, Quang Tam"]
[Black "Ho, Nhat Huy"]
[Result "0-1"]
[WhiteElo "1370"]
[BlackElo "1404"]
[PlyCount "68"]
[EventDate "2014.07.13"]
[EventType "swiss"]
[EventRounds "9"]
[EventCountry "VIE"]
[SourceTitle "EXT 2016"]
[Source "ChessBase"]
[SourceDate "2015.10.08"]
[SourceVersion "1"]
[SourceVersionDate "2015.10.08"]
[SourceQuality "1"]

1. e4 e6 2. Nf3 d5 3. exd5 exd5 4. Bd3 Nf6 5. 0-0 Be6 6. Ng5 Bd6 7. Nxe6 fxe6 8. Qe2 Qd7 9. Nc3 c6 10. Bf5 d4 11. Bxe6 Qe7 12. Ne4 Nxe4 13. Qxe4 Rf8 14. Re1 Qf6 15. Re2 Qh6 16. Bg8+ Kd8 17. Re1 Qxh2+ 18. Kf1 Qh1+ 19. Ke2 Qxe1+ 20. Kxe1 Re8 21. Be6 Nd7 22. Qh4+ Kc7 23. Kf1 Rxe6 24. d3 Rae8 25. Bg5 Bb4 26. Bf4+ Kc8 27. Kg1 h6 28. Qg3 g5 29. Bc1 Re1+ 30. Kh2 Rd1 31. Qg4 Ree1 32. Kg3 Bd6+ 33. Kf3 Kc7 34. c3 Ne5+ 0-1

[Event "VIE-ch U07"]
[Site "Ho Chi Minh City"]
[Date "2014.07.16"]
[Round "6"]
[White "Ho, Nhat Huy"]
[Black "Pham, Gia Phuc"]
[Result "1/2-1/2"]
[WhiteElo "1404"]
[BlackElo "1376"]
[PlyCount "48"]
[EventDate "2014.07.13"]
[EventType "swiss"]
[EventRounds "9"]
[EventCountry "VIE"]
[SourceTitle "EXT 2016"]
[Source "ChessBase"]
[SourceDate "2015.10.08"]
[SourceVersion "1"]
[SourceVersionDate "2015.10.08"]
[SourceQuality "1"]

1. e4 e6 2. d4 d5 3. e5 Bd7 4. c4 dxc4 5. Bxc4 Bb4+ 6. Bd2 Bxd2+ 7. Qxd2 Ne7 8. Ne2 0-0 9. 0-0 Ba4 10. Bb3 Bxb3 11. axb3 Nd7 12. Qb4 b6 13. Nbc3 c5 14. dxc5 bxc5 15. Qb7 Rb8 16. Qxa7 Rxb3 17. Rfd1 Nc8 18. Qxd7 Qxd7 19. Rxd7 Rxb2 20. Ra8 Nb6 21. Rxf8+ Kxf8 22. Rb7 Nc4 23. Rxb2 Nxb2 24. Kf1 Ke7 1/2-1/2

[Event "VIE-ch U07"]
[Site "Ho Chi Minh City"]
[Date "2014.07.13"]
[Round "2"]
[White "Ho, Nhat Huy"]
[Black "Le, Duc Tri"]
[Result "1-0"]
[WhiteElo "1404"]
[BlackElo "1367"]
[PlyCount "21"]
[EventDate "2014.07.13"]
[EventType "swiss"]
[EventRounds "9"]
[EventCountry "VIE"]
[SourceTitle "EXT 2016"]
[Source "ChessBase"]
[SourceDate "2015.10.08"]
[SourceVersion "1"]
[SourceVersionDate "2015.10.08"]
[SourceQuality "1"]

1. e4 e5 2. Bc4 Nf6 3. Qf3 Bc5 4. Ne2 0-0 5. 0-0 Nc6 6. d3 d6 7. Bg5 Bg4 8. Bxf6 Bxf3 9. Bxd8 Bxe2 10. Re1 Raxd8 11. Rxe2 1-0